| 000 | 00472nam a2200169 i 4500 | ||
|---|---|---|---|
| 001 | 37840 | ||
| 003 | ES-MaACL | ||
| 005 | 20240419063022.0 | ||
| 007 | t| | ||
| 008 | 030224s1968 sp ||||1| spa d | ||
| 100 | 1 |
_aCaffarena, Ángel, _d1914-1998 _933414 |
|
| 245 | 1 | 0 |
_aTemas malagueños / _cAngel Caffarena. |
| 260 |
_aMálaga : _bEl Guadalhorce, _c1968. |
||
| 300 |
_a162 p. ; _c22 cm. |
||
| 852 |
_aES-MaACL _jC-37008 _bR.69284 |
||
| 999 |
_c37840 _d37840 |
||